00941 2200313 4500001002100000005001500021035002000036007000300056008004100059020002200100040002200122082001500144084001700159090002200176100003800198245009500236250003400331300004000365650002400405850001200429504002500441264003200466336002100498337003000519338002300549999002200572500001100594990002200605INLIS00000000086051520210602012138 a0010-0621000050ta210602s2020 yoia gr ind d a978-623-02-1745-6 aYOPDYOGbinderda04223a519.54 a519.54 HAR b aCB-D.11 2020-27190 aHariyani Sulistyoningsihepenulis10aBiostatistik inferensial (untuk kesehatan masyarakat) /cpenulis, Hariyani Sulistyoningsih aCetakan pertama: Oktober 2020 aviii, 146 halaman :btabel ;c23 cm 4aStatistik matematis aYOPDYOG aTermasuk bibliografi31aSleman :bDeepublish,c2020 2rdacontentateks 2rdamediaatanpa perantara 2rdacarrieravolume aCB-D.11/2020-2719 aIndeks aCB-D.11/2020-2719